00509nam a22001692 4500001001100000005001700011008004100028040001500069100003500084245008300119250001300202300001700215500001500232650002600247650002900273650003700302000002012120151217155907.0110704s xx 000 0 eng d aKABUcKABU1 aVan Der Walt, A J.@000018020810aProperty rights, land rights, and environmental rights. /cA. J. Van Der Walt. a1st ed. app. 455-477. aPhotocopy. 0aProperty.@0000150011 0aLand tenure.@0000180209 0aAdaptation (Biology)@0000052033